Statistiques concernant Trouvez le pays caché

Cliquez ici pour prendre le quiz!

Statistiques générales

  • Ce quiz a été pris 231 fois
  • Le résultat moyen est 6 sur 10

Statistiques - réponses

HintRéponse% Correct
Littérature : quel était le prénom de Flaubert ?Gustave. Le pays caché ne finit pas par une voyelle
91%
Mathématique : Combien font 43 x 18 ?774. Le pays caché ne se trouve pas en Amérique
87%
Géographie : Quel est le département français n°57 ?La Moselle. Le pays caché ne commence pas par une voyelle
75%
Sport : Qui a marqué le 3e but de la France contre le Brésil en finale de coupe du monde de football 1998 ?Emmanuel Petit. Le pays caché n'est pas européen
74%
religion : quel apôtre de Jésus-Christ était au pied de la croix lors de la crucifixion ?Jean. Le pays caché ne contient pas plus de deux syllabes
64%
Histoire : Qui affrontaient les français lors de la bataille de Marignan en 1515 ?Les Suisses. Le pays caché n'est pas dans l'hémisphère sud
57%
Chimie : quel est le dernier gaz rare, si on les classe par ordre alphabétique ?Le xénon. Le pays caché n'est pas insulaire
55%
Anglais : comment traduit-on "fauteuil" en anglais ?Armchair. Le pays caché ne possède pas de littoral
53%
Astronomie : citez un satellite de la planète Mars (au choix)Phobos ou Deimos. Le pays caché n'est pas en Afrique
41%
QUEL EST LE PAYS CACHÉ ?Bhoutan
36%

Distribution des résultats

Percentile par nombre de réponses

% des personnes avec chaque résultat

Votre développement - résultats

Vous n’avez pas pris ce quiz